000 00298nam a2200121Ia 4500
008 231129s1996||||xx |||||||||||||| ||spa||
040 _bspa
082 _aCo862.44 G643t
245 0 _aTres dramaturgos colombianos
260 _c1996
264 _aInstituto Colombiano de Cultura
942 _2ddc
_cBKS
999 _c25675
_d25675